000 00293nam a2200121Ia 4500
100 _aMachinery yellow back series
942 _cBK
654 _adie design
245 _aPress die design & construction Part II
260 _bMachinery Publication
_c2001
082 _a621.9
546 _aENGLISH
999 _c20228
_d20228